| 000 | 00576nam a22002057a 4500 | ||
|---|---|---|---|
| 003 | CEu | ||
| 005 | 20140310183046.0 | ||
| 008 | 130227t xxu||||| |||| 00| 0 eng d | ||
| 050 |
_aQA 276.12 _b.M553 2003 |
||
| 082 |
_aFIL 519.5 _bD38 2003 |
||
| 245 |
_aBasic statistics (with probability) _cMercado-Del Rosario, Asuncion C. |
||
| 260 |
_aMandaluyong City _bAsuncion C. M. Del Rosario _cc2005 |
||
| 300 |
_a241 p. _c25.3 cm. |
||
| 521 | _acollege students | ||
| 526 | _c1210L-1700L | ||
| 541 | _j1 | ||
| 541 | _j2 | ||
| 562 | _e2 | ||
| 942 |
_2lcc _cBK _kFIL |
||
| 999 |
_c18593 _d18593 |
||